003010000a2200073000450024500450000030000640004552001040010977300140021310a"Noguera no soportaba al Vicepresidente" aVol.0, núm.722 (30 Abril - 6 mayo, 2007), Páginas 26-28 aEl ex jefe de informática del DAS, Rafael García, hace nuevas acusaciones contra Jorge Noguera.0 tCambio 16